| 000 | 00747cam a2200301 i 4500 | ||
|---|---|---|---|
| 001 | 0000829 | ||
| 003 | DO-SdBNP | ||
| 005 | 20180212114138.0 | ||
| 007 | 0000829 | ||
| 008 | 100514s 1992 sp a | |||| 000 f spa | ||
| 015 | _a | ||
| 017 |
_a _b |
||
| 020 | _a8434836750 | ||
| 035 | _a | ||
| 040 |
_aBPMSU _bspa _cBPMSU _e |
||
| 080 | _a | ||
| 100 | 1 | _aEsteban, Ángel | |
| 245 | 1 | 0 |
_aGus / _h _cÁngel Esteban |
| 250 | _a3a. ed. | ||
| 260 |
_aMadrid : _bSm, _c1992. |
||
| 300 |
_a[12] p.: _bil. _c19 cm. |
||
| 490 | 1 |
_aLos duros del barco de vapor _v16 |
|
| 500 | _aLibro de pasta dura. | ||
| 830 | 0 |
_aLos duros del barco de vapor _n16 |
|
| 942 |
_2ddc _cBK |
||
| 945 | _aInventariado, 2018/ YL | ||
| 956 |
_aYLOCKWARD _cBPMSU _b10 |
||
| 999 |
_c12148 _d12148 |
||